| 000 | 03150nam a22001697a 4500 | ||
|---|---|---|---|
| 003 | OSt | ||
| 005 | 20260429093859.0 | ||
| 008 | 260429b |||||||| |||| 00| 0 SPA d | ||
| 100 | _aJaime Cerrón Palomino | ||
| 245 | _aMemorias del I Congreso Latinoamericana de comprensión lectora | ||
| 250 | _a1ra edición | ||
| 260 |
_aRiobamba - Ecuador _bpedagógica freire _c2012 |
||
| 300 | _a275 pág. | ||
| 490 | _3tapa blanda | ||
| 520 | _aDel 05 al 07 de Septiembre del 2012, Riobamba es la sede del V CONGRESO LATINOAMERICANO DE COMPRENSIÓN LECTORA "JAIME CERRÓN PALOMINO", que tiene como objetivo reflexionar sobre la Comprensión Lectora y la producción de textos para los diferentes niveles educativos, a través de ponencias, talleres, presentación de libros y estrategias artísticas, para mejorar la formación humana, la preparación docente, los resultados académicos de estudiantes primarios, secundarios, universitarios y sobre todo para leer mejor nuestras realidades. La Comprensión Lectora es un problema contemporáneo que afecta a toda Latinoamérica, pues no es solo un problema técnico; va más allá del simple desciframiento de códigos lingüísticos o entendimiento de las ideas expresadas en un texto, porque nos permite adentrarnos en el contexto haciendo una lectura de la realidad circundante. Estos Congresos propician el viaje en un mundo lleno de imaginación "...en un abrir y cerrar de hojas, nos permiten entender que existen nuevos espacios para el lenguaje mágico, pues no solo con tinta y papel se puede escribir, también con los colores del arco iris, con los movimientos del sol y las estrellas, con los sonidos de los grillos, de las cascadas, de los pájaros, de las guaduas, guayacanes y chukirawas, escribir para reconciliarnos con la Pachamama.comparten conocimientos y experiencias con maestros, y estudiantes de diversas instancias académicas y con todos aquellos comprometidos con la lectura, el arte y la educación. La importancia de esta tipología de encuentros culturales, cada vez incrementan el compromiso interinstitucional para buscar salidas a requerimientos que se consideran dramáticos. El V Congreso de Compresión Lectora, ha vinculado en su organización a la Casa de la Cultura Ecuatoriana - Núcleo de Chimborazo, Ministerio de Cultura, Casa José Martí, Taller Cuentitricantos, Dirección Intercultural Bilingüe, Secretaría de Pueblos e Instituciones adherentes, como la fundación "Lecturas del sur del mundo" - Neuquen, Argentina y el Taller Literario "Rumihuancayo" - Perú. La Casa de la Cultura Ecuatoriana - Núcleo de Chimborazo, da la bienvenida a los ponentes de América Latina participantes en el V Congreso de Compresión Lectora y entrega la publicación física de las MEMORIAS de su primera edición. Se ha procurado conservar las propuestas de sus autores con mínimas intervenciones en materia de formato y estilo; de allí que la forma de presentar referencias u otros datos difiera ocasionalmente en función de cómo se presentan los soportes originales, para el caso de este libro, los consignados en español. | ||
| 942 |
_2ddc _cBKA _n0 |
||
| 999 |
_c2084 _d2084 |
||